| 000 | 00649nam a2200205 i 4500 | ||
|---|---|---|---|
| 001 | 190941 | ||
| 003 | ES-MaACL | ||
| 005 | 20250828063303.0 | ||
| 008 | 221213s1908 sp 001 0 spa | ||
| 080 | _a323.174 | ||
| 080 | _a35.071.6 | ||
| 100 | 1 |
_aPérez Díaz, Pedro, _d1865-1930 _990832 |
|
| 245 | 1 | 3 |
_aLa cuestión regional y la autonomía / _cpor P. Pérez Díaz. |
| 260 |
_aMadrid : _b[s.n.], _c1908 ( _fEst. tip. Hijos de J.A. García) |
||
| 300 |
_a179 p., 1 h. ; _c18 cm. |
||
| 650 | 4 |
_aRegionalismo. _916746 |
|
| 650 | 4 |
_aDescentralización administrativa. _911820 |
|
| 852 | 4 |
_aES-MaACL _jT-58-F-2 |
|
| 999 |
_c190941 _d190941 |
||